000
00276nam a2200109Ia 4500
008
231129s9999||||xx |||||||||||||| ||spa||
082
_a
Co863 V297mi
100
_a
Vargas Vila J. M.
245
0
_a
El minotauro: novela
264
_a
México : Medina Hermanos
942
_2
ddc
_c
BKS
999
_c
11702
_d
11702